| 000 -LEADER |
| fixed length control field |
00743nam a22002177a 4500 |
| 008 - FIXED-LENGTH DATA ELEMENTS--GENERAL INFORMATION |
| fixed length control field |
151019b xxu||||| |||| 00| 0 eng d |
| 020 ## - INTERNATIONAL STANDARD BOOK NUMBER |
| International Standard Book Number |
9780521868549 (hardback) |
| 020 ## - INTERNATIONAL STANDARD BOOK NUMBER |
| International Standard Book Number |
0521868548 (hardback) |
| 020 ## - INTERNATIONAL STANDARD BOOK NUMBER |
| International Standard Book Number |
9780521688529 (pbk.) |
| 020 ## - INTERNATIONAL STANDARD BOOK NUMBER |
| International Standard Book Number |
0521688523 (pbk.) |
| 041 0# - LANGUAGE CODE |
| Language code of text/sound track or separate title |
eng |
| 080 ## - UNIVERSAL DECIMAL CLASSIFICATION NUMBER |
| Universal Decimal Classification number |
658.3 |
| 245 00 - TITLE STATEMENT |
| Title |
Building more effective organizations : |
| Statement of responsibility, etc |
edited by Ronald J. Burke, Cary L. Cooper. |
| 260 ## - |
| -- |
Cambridge, UK ; |
| -- |
New York : |
| -- |
Cambridge University Press, |
| -- |
2008. |
| 300 ## - |
| -- |
xxv, 385 f. : |
| -- |
me il.; |
| -- |
26 cm. |
| 650 #0 - |
| -- |
Menaxhimi i personelit |
| 650 #0 - |
| -- |
Efektiviteti në organizatë |
| 700 1# - |
| -- |
Burke, Ronald J. |
| 700 1# - |
| -- |
Cooper, Cary L. |
| 942 ## - ADDED ENTRY ELEMENTS (KOHA) |
| Source of classification or shelving scheme |
|
| Item type |
Books |